000 00743cam a22002531 4500
001 6056
003 BD-RjUL
005 20211208234157.0
008 14 r19611953enka 001 0 eng
035 _a(BD-RjUL)6095
035 _a(OCoLC)3125400
040 _aDLC
_cFMFIU
_dOCoLC
_dUk
_dDLC
_dBD-RjUL
_beng
041 _aeng
082 0 4 _216
_a510
_bTRA 1961
100 1 _aTranter, C. J.
_q(Clement John)
_919041
245 1 0 _aAdvanced level pure mathematics /
_cC.J. Tranter.
260 _aLondon :
_bEnglish Universities Press,
_c1953 [Impression 1955-1961].
300 _a420 p. :
_bill. ;
_c22 cm.
490 1 0 _aPhysical science texts
504 _aIncludes index.
650 0 _aMathematics.
_919042
942 _2ddc
_cBK
999 _c6056
_d6056